| 000 | 00923nam a2200277 i 4500 | ||
|---|---|---|---|
| 001 | bg | ||
| 003 | KOSZ 005 | ||
| 005 | 20200630132822.0 | ||
| 008 | 080226s1967 pl a f f 000 0 pol | ||
| 015 | _aPB 1967/7968 | ||
| 040 |
_aWA N _cKOSZ 005/RW _dKOSZ 005/RW |
||
| 080 | _a528 | ||
| 100 | 1 |
_aHlibowicki, Roman _d(1911-1999) _eAutor |
|
| 245 | 1 | 0 |
_aGeodezja / _cR. Hlibowicki, A. Lang. |
| 250 | _aWyd. 3 popr. i uzup. | ||
| 260 |
_aWarszawa ; _aŁódź : _bPaństwowe Wydawnictwo Naukowe, _c1967. |
||
| 300 |
_a419 s., [40] k. tabl. : _bil. ; _c24 cm. |
||
| 380 | _aKsiążki. | ||
| 504 | _aBibliogr. s. 413. | ||
| 650 | 4 | _aGeodezja | |
| 655 | 4 | _aPodręczniki akademickie | |
| 700 | 1 |
_aLang, Adam. _eAutor |
|
| 710 | 2 |
_aPaństwowe Wydawnictwo Naukowe _4pbl. |
|
| 856 |
_uhttp://koha.tu.koszalin.pl/cgi-bin/koha/opac-detail.pl?biblionumber=11161 _yKatalog online BPK |
||
| 942 |
_2UKD _cKS |
||
| 999 |
_c11161 _d11161 |
||